La buena estrella /
Una mujer tuerta es víctima de violación; un carnicero es testigo del hecho y la ayuda. El perdió su capacidad de procrear debido a un accidente. Inician, sin pensarlo, una vida juntos que les permite a ambos cumplir con sus sueños de formar una familia, a pesar de saber que ella quedó embarazada a...
Gardado en:
| Autor Principal: | |
|---|---|
| Outros autores: | , , , , , , , , |
| Formato: | |
| Idioma: | Lingua castelá |
| Publicado: |
Madrid, España :
Pedro Costa Producciones Cinematográficas,
1997, c1997
|
| Temas: | |
| Etiquetas: |
Sen Etiquetas, Sexa o primeiro en etiquetar este rexistro!
|
MARC
| LEADER | 00000ngm^a2200000^a^4500 | ||
|---|---|---|---|
| 001 | 000115854 | ||
| 005 | 20250521000000.0 | ||
| 009 | 20260310094107.754 | ||
| 037 | |a Acervo ITESO - Biblioteca | ||
| 041 | |a ESP | ||
| 082 | |a Es 860. |b FRA | ||
| 100 | |a Franco, Ricardo |e (realización) | ||
| 240 | 1 | 4 | |a [La buena estrella] |
| 245 | 1 | 3 | |a La buena estrella / |c Realización de R. Franco. |
| 264 | 4 | |a Madrid, España : |b Pedro Costa Producciones Cinematográficas, |c 1997, c1997 | |
| 264 | 2 | |a México : |b Videomax [distribución], |c 1999, c1999 | |
| 300 | |a 1 videocasete VHS (103 min.) : |b color | ||
| 336 | |a imagen móvil bidimensional |b tdi |2 rdacontenido | ||
| 337 | |a video |b v |2 rdamedio | ||
| 338 | |a videocasete |b vf |2 rdasoporte | ||
| 520 | |a Una mujer tuerta es víctima de violación; un carnicero es testigo del hecho y la ayuda. El perdió su capacidad de procrear debido a un accidente. Inician, sin pensarlo, una vida juntos que les permite a ambos cumplir con sus sueños de formar una familia, a pesar de saber que ella quedó embarazada a raíz de la violación. Pero el pasado de ella no está totalmente cerrado. | ||
| 530 | |a Existe una edición en formato audiovisual en DVD con el mismo título | ||
| 586 | |a Festival Internacional de Cine de Mar del Plata (13°: 1997): Premio a la Mejor Dirección | ||
| 586 | |a Premio Goya, de la Academia Española de Cine (12°: 1998): Mejor Película (ganadora) | ||
| 586 | |a Premio Goya, de la Academia Española de Cine (12°: 1998): Mejor Dirección (ganador: Ricardo Franco) | ||
| 586 | |a Premio Goya, de la Academia Española de Cine (12°: 1998): Película con más premios (5) | ||
| 649 | |a XX | ||
| 650 | |a Melodramas | ||
| 650 | |a Dramas Cinematográficos | ||
| 650 | |a Cine Español - |y 1990-1999 | ||
| 650 | |a Cine Español - |y Siglo XX | ||
| 650 | |a Poliandria | ||
| 650 | |a Amor | ||
| 650 | |a Relaciones de Pareja | ||
| 650 | |a Relaciones Intergénero | ||
| 700 | |a Franco, Ricardo |e (guión) | ||
| 700 | |a González Sinde, Angeles |e (guión) | ||
| 700 | |a Trenas, Tote |e (fotógrafo) | ||
| 700 | |a Huete, Lala |e (vestuario) | ||
| 700 | |a Cobos, Esperanza |e (montaje) | ||
| 700 | |a Gancedo, Eva |e (música) | ||
| 700 | |a Resines, Antonio |e (actuación) | ||
| 700 | |a Verdú, Maribel |e (actuación) | ||
| 700 | |a Mollà, Jordi |e (actuación) | ||
| 910 | |a Fondo General | ||
| 920 | |a Audiovisuales - Videocasetes | ||
| 940 | |a Películas | ||
| 905 | |a 301 | ||
| 901 | |a 0500048980 |b IT2 |c VIS |u 20250521 | ||
| 902 | |a https://opac.biblio.iteso.mx/vufind/Record/000115854 | ||